Które miasto jest większe - Statystyki

Ogólne statystyki
  • Ten quiz został rozwiązany 182 razy
  • Średni wynik to 8 z 15
Statystyki odpowiedzi
Zagadnienie Odpowiedź % Poprawnych
Niemcy i Dania Kopenhaga
81%
Niemcy Monachium
81%
Stany Zjednoczone Los Angeles
71%
Europa Południowa Zagrzeb
71%
Francja i Włochy Neapol
67%
Słowacja i Czechy Bratysława
62%
Śląska Aglomeracja Gliwice
62%
Europa Zachodnia Barcelona
57%
Ukraina Dniepr
57%
Wielka Brytania Birmingham
52%
Czechy Brno
52%
Węgry i Rumunia Kluż-Napoka
38%
Austria i Chorwacja Innsbruck
24%
Stolice Mińsk
19%
Góry, Polska Żywiec
14%
Nie znaleziono quizów pasujących do podanych kryteriów
Rozkład punktacji
Procent ludzi z każdym wynikiem
Percentyl według liczby udzielonych odpowiedzi
Twoja historia wyników
Nie rozwiązałeś tego quizu